Deutsche Geschichte - Tile Select - Statistiken

Allgemein
  • Dieses Quiz wurde 26 mal gespielt
  • Das Durchschnittsergebnis liegt bei 38 aus 63
Antwortstatistiken
Frage Kachel Select % Korrekt
Wähle alle Städte aus, die jemals Hansestadt waren Bremen Ja
100%
Wähle alle deutschen Bundes- und/oder Reichskanzler aus Gerhard Schröder Ja
100%
Wähle alle Städte aus, die jemals Hansestadt waren Hamburg Ja
100%
Wähle alle deutschen Bundes- und/oder Reichskanzler aus Heinrich Friedrich Karl von und zum Stein Nein
100%
Alle Länder aus, die ganz oder teilweise eine Kolonie des deutschen Kaiserreiches war St. Lucia Nein
100%
Wähle alle deutschen Bundes- und/oder Reichskanzler aus Angela Merkel Ja
96%
Alle Länder aus, die ganz oder teilweise eine Kolonie des deutschen Kaiserreiches war Myanmar Nein
96%
Wähle die Kurfürstentümer aus, die es jemals im HRR gab Hamburg Nein
92%
Alle Länder aus, die ganz oder teilweise eine Kolonie des deutschen Kaiserreiches war Indonesien Nein
92%
Wähle alle Städte aus, die jemals Hansestadt waren Norden Nein
92%
Alle Länder aus, die ganz oder teilweise eine Kolonie des deutschen Kaiserreiches war Sudan Nein
92%
Wähle alle deutschen Bundes- und/oder Reichskanzler aus Walter Ulbrich Nein
92%
Wähle alle deutschen Bundes- und/oder Reichskanzler aus Wilhelm I. Nein
92%
Alle Länder aus, die ganz oder teilweise eine Kolonie des deutschen Kaiserreiches war Argentinien Nein
88%
Wähle alle Städte aus, die jemals Hansestadt waren Essen Nein
88%
Wähle alle deutschen Bundes- und/oder Reichskanzler aus Ludwig Yorck von Wartenburg Nein
88%
Alle Länder aus, die ganz oder teilweise eine Kolonie des deutschen Kaiserreiches war Namibia Ja
88%
Alle Länder aus, die ganz oder teilweise eine Kolonie des deutschen Kaiserreiches war Namibia Ja
88%
Wähle alle deutschen Bundes- und/oder Reichskanzler aus Otto von Bismarck Ja
88%
Wähle alle römisch-deutschen Könige bzw. Kaiser aus Friedrich III. Ja
84%
Wähle alle Städte aus, die jemals Hansestadt waren Weimar Nein
84%
Wähle alle Städte aus, die jemals Hansestadt waren Wismar Ja
84%
Wähle alle römisch-deutschen Könige bzw. Kaiser aus Georg III. Nein
80%
Alle Länder aus, die ganz oder teilweise eine Kolonie des deutschen Kaiserreiches war Fidschi Nein
76%
Wähle alle römisch-deutschen Könige bzw. Kaiser aus Friedrich I. Barbarossa Ja
72%
Wähle alle Städte aus, die jemals Hansestadt waren Greifswald Ja
72%
Wähle alle römisch-deutschen Könige bzw. Kaiser aus Karl von Sachsen Nein
68%
Wähle alle römisch-deutschen Könige bzw. Kaiser aus Sigismund II. Nein
68%
Wähle alle römisch-deutschen Könige bzw. Kaiser aus Wenzel von Wittelsbach Nein
68%
Wähle die Kurfürstentümer aus, die es jemals im HRR gab Pfalz Ja
64%
Wähle alle römisch-deutschen Könige bzw. Kaiser aus Heinrich IV. Ja
60%
Alle Länder aus, die ganz oder teilweise eine Kolonie des deutschen Kaiserreiches war Kamerun Ja
60%
Wähle alle Städte aus, die jemals Hansestadt waren Lüneburg Ja
60%
Wähle alle Städte aus, die jemals Hansestadt waren Oldenburg Nein
60%
Wähle alle deutschen Bundes- und/oder Reichskanzler aus Paul von Hindenburg Nein
56%
Wähle die Kurfürstentümer aus, die es jemals im HRR gab Böhmen Ja
52%
Alle Länder aus, die ganz oder teilweise eine Kolonie des deutschen Kaiserreiches war Togo Ja
52%
Wähle alle deutschen Bundes- und/oder Reichskanzler aus Franz von Papen Ja
48%
Wähle die Kurfürstentümer aus, die es jemals im HRR gab Mecklenburg-Schwerin Nein
48%
Alle Länder aus, die ganz oder teilweise eine Kolonie des deutschen Kaiserreiches war China Ja
44%
Wähle alle deutschen Bundes- und/oder Reichskanzler aus Friedrich Ebert Ja
44%
Wähle alle römisch-deutschen Könige bzw. Kaiser aus Maximilian I. Ja
44%
Alle Länder aus, die ganz oder teilweise eine Kolonie des deutschen Kaiserreiches war Papua-Neuguinea Ja
44%
Wähle die Kurfürstentümer aus, die es jemals im HRR gab Sachsen-Weimar-Eisenach Nein
44%
Wähle alle Städte aus, die jemals Hansestadt waren Stade Ja
44%
Wähle die Kurfürstentümer aus, die es jemals im HRR gab Trier Ja
44%
Wähle die Kurfürstentümer aus, die es jemals im HRR gab Mainz Ja
40%
Wähle die Kurfürstentümer aus, die es jemals im HRR gab Bayern Ja
36%
Wähle die Kurfürstentümer aus, die es jemals im HRR gab Hohenzollern-Sigmaringen Nein
36%
Wähle die Kurfürstentümer aus, die es jemals im HRR gab Sachsen Ja
36%
Wähle die Kurfürstentümer aus, die es jemals im HRR gab Schaumburg-Lippe Nein
36%
Wähle die Kurfürstentümer aus, die es jemals im HRR gab Braunschweig-Lüneburg Ja
32%
Wähle alle Städte aus, die jemals Hansestadt waren Köln Ja
32%
Wähle alle römisch-deutschen Könige bzw. Kaiser aus Leopold I. Ja
32%
Wähle alle deutschen Bundes- und/oder Reichskanzler aus Max von Baden Ja
32%
Alle Länder aus, die ganz oder teilweise eine Kolonie des deutschen Kaiserreiches war Republik Kongo Ja
28%
Alle Länder aus, die ganz oder teilweise eine Kolonie des deutschen Kaiserreiches war Marshallinseln Ja
20%
Wähle alle römisch-deutschen Könige bzw. Kaiser aus Franz II. Ja
16%
Wähle alle deutschen Bundes- und/oder Reichskanzler aus Leo von Caprivi Ja
16%
Wähle alle römisch-deutschen Könige bzw. Kaiser aus Adolf von Nassau Ja
12%
Alle Länder aus, die ganz oder teilweise eine Kolonie des deutschen Kaiserreiches war Tschad Ja
12%
Wähle alle römisch-deutschen Könige bzw. Kaiser aus Georg von Luxemburg Ja
8%
Wähle alle Städte aus, die jemals Hansestadt waren Lemgo Ja
8%
Keine übereinstimmenden Quizze gefunden
Verteilung der Resultate
Anzahl Personen mit jedem Resultat
Perzentil nach korrekt beantworteten Fragen
Ihre Resultats-Entwicklung
Sie haben dieses Quiz noch nicht gespielt